000 00485nam a2200181 a 4500
005 20140310183248.0
008 040921s19uu xx 00 eng d
020 _a0-7506-5752-9
050 _aG 155.A1
_b .P258 2003
100 _aPage, Stephen J.
245 _aTourism management:
_bmanaging for change.
260 _aAmsterdam :
_bButterworth Heinemann,
_c2003.
300 _a381 p. :
_c23 cm.
521 _aTOU
650 _aTourism.
942 _cBK
_2lcc
_kFOR
999 _c20734
_d20734